Faculty of Law Library — Cairo University

Official Online Catalog

Instructions Adressées Aux Délégués Américains Aux Conférences De La Haye Et Leurs Rapports Officiels / (Record no. 76867)

MARC details
000 -LEADER
fixed length control field 01312nam a2200301 i 4500
003 - CONTROL NUMBER IDENTIFIER
control field EG-GICUC
005 - DATE AND TIME OF LATEST TRANSACTION
control field 20260513231239.0
008 - FIXED-LENGTH DATA ELEMENTS--GENERAL INFORMATION
fixed length control field 260513s1920 us ||||fr|||| 00| 0 fre d
040 ## - CATALOGING SOURCE
Original cataloging agency EG-GiCUC
Transcribing agency EG-GiCUC
Modifying agency EG-GiCUC
Description conventions Rda
Language of cataloging fre
082 04 - DEWEY DECIMAL CLASSIFICATION NUMBER
Edition number 21
Classification number 341.73
Item number CO . I
092 04 - LOCALLY ASSIGNED DEWEY CALL NUMBER (OCLC)
Edition number 21
099 ## - LOCAL FREE-TEXT CALL NUMBER (OCLC)
Classification number Law1 11 341.73 CO . I 1920
110 ## - MAIN ENTRY--CORPORATE NAME
Corporate name or jurisdiction name as entry element La Division De Droit International De La Dotation Carnegie Pour La Paix Internationale
111 ## - MAIN ENTRY--MEETING NAME
Meeting name or jurisdiction name as entry element Instructions Adressées Aux Délégués Américains Aux Conférences De La Haye Et Leurs Rapports Officiels
Date of meeting or treaty signing (1920:
Location of meeting La Haye)
245 10 - TITLE STATEMENT
Title Instructions Adressées Aux Délégués Américains Aux Conférences De La Haye Et Leurs Rapports Officiels /
Statement of responsibility, etc. La Division De Droit International De La Dotation Carnegie Pour La Paix Internationale
264 #3 - PRODUCTION, PUBLICATION, DISTRIBUTION, MANUFACTURE, AND COPYRIGHT NOTICE
Place of production, publication, distribution, manufacture New York :
Name of producer, publisher, distributor, manufacturer Oxford University Press,
Date of production, publication, distribution, manufacture, or copyright notice 1920.
300 ## - PHYSICAL DESCRIPTION
Extent 146 page :
Other physical details illustration ;
Dimensions 24 cm.
336 ## - CONTENT TYPE
Source rda contenu
Content type term texte
337 ## - MEDIA TYPE
Source rda medias
Media type term Ordinateur
338 ## - CARRIER TYPE
Source transporteur rda
Carrier type term Ressource en ligne
504 ## - BIBLIOGRAPHY, ETC. NOTE
Bibliography, etc. note Bibliography: pages 200-250. 240-220
546 ## - LANGUAGE NOTE
Language note النص باللغة الفرنسية
650 14 - SUBJECT ADDED ENTRY--TOPICAL TERM
Source of heading or term
Topical term or geographic name entry element Droit international public
651 1# - SUBJECT ADDED ENTRY--GEOGRAPHIC NAME
Source of heading or term
856 40 - ELECTRONIC LOCATION AND ACCESS
Uniform Resource Identifier <a href="https://fll.law.cu.edu.eg/fulltext/bks/B11-08601.pdf">https://fll.law.cu.edu.eg/fulltext/bks/B11-08601.pdf</a>
905 ## - Cataloger and Reviser Names
Cataloger Name: Dina
942 ## - ADDED ENTRY ELEMENTS (KOHA)
Source of classification or shelving scheme Dewey Decimal Classification
Koha item type Books
Edition 21
Suppress in OPAC No
Holdings
Withdrawn status Lost status Source of classification or shelving scheme Damaged status Not for loan Collection Home library Current library Date acquired Total checkouts Full call number Barcode Date last seen Copy number Price effective from Koha item type
    Dewey Decimal Classification   Not for loan القانون الدولي العام جــــامعة القــاهرة مكتبة كلية الحقوق - المبنى الرئيسي 13.05.2026   Law1 11 341.73 CO . I 1920 1108601 C1 B11-08601 13.05.2026 1 13.05.2026 Books

© All rights reserved — Faculty of Law, Cairo University